The crowne garlande of golden roses : gathered out of Englands royall garden. Set forth in many pleasant new songs and sonets: with new additions neuer before imprinted. Diuided into two parts by Richard Iohnson.

Bibliographic Details
Main Author: Johnson, Richard, 1573-1659?
Format: eBook
Language:English
Published: London : Printed [by Eliot's Court Press] for Iohn Wright, and are to be sold at his shop without Newgate, 1631.
Series:Early English books online.
Subjects:
Online Access:Connect to the full text of this electronic book

MARC

Tag First Indicator Second Indicator Subfields
LEADER 00000nam a2200000 4500
001 in00004224621
005 20200806100050.0
006 m g d
007 cr bn |||a|bb|
008 910502s1631 enk o 00| | eng d
035 |a (UnM)99842269 
037 |a CL0036000021  |b ProQuest. 789 E. Eisenhower Parkway, Ann Arbor, MI 48108-3218 
040 |a Cu-RivES  |c Cu-RivES  |d CStRLIN  |e dcrb  |d WaOLN 
100 1 |a Johnson, Richard,  |d 1573-1659? 
240 1 0 |a Crowne-garland of goulden roses. 
245 0 4 |a The crowne garlande of golden roses :  |b gathered out of Englands royall garden. Set forth in many pleasant new songs and sonets: with new additions neuer before imprinted. Diuided into two parts by Richard Iohnson. 
260 |a London :  |b Printed [by Eliot's Court Press] for Iohn Wright, and are to be sold at his shop without Newgate,  |c 1631. 
300 |a 1 online resource ([128] pages) 
336 |a text  |b txt  |2 rdacontent 
337 |a computer  |b c  |2 rdamedia 
338 |a online resource  |b cr  |2 rdacarrier 
500 |a Press's name from STC. 
500 |a Signatures: A-H. 
500 |a Reproduction of the original in the British Library. 
510 4 |a STC (2nd edition)  |c 14673. 
533 |a Electronic reproduction.  |b Ann Arbor, Mich. :  |c UMI,  |d 1999-  |f (Early English books online)  |n Digital version of: (Early English books, 1475-1640 ; 754:14)  |7 s1999 miun s 
650 0 |a English poetry  |y Early modern, 1500-1700  |v Early works to 1800. 
830 0 |a Early English books online. 
856 4 0 |u http://proxy.library.tamu.edu/login?url=https://search.proquest.com/docview/2240861680  |z Connect to the full text of this electronic book  |t 0 
999 f f |s a81c1e0c-33d2-39f3-b8d3-65c41a705f52  |i 5c477160-61b1-37c9-a497-3634d09d2642  |t 0 
952 f f |a Texas A&M University  |b College Station  |c Electronic Resources  |d Available Online  |t 0  |h No information provided 
998 f f |t 0  |l Available Online